United Airlines fleet - Statistics

General Stats
  • This quiz has been taken 42 times
  • The average score is 14 of 22
Answer Stats
Aircraft In Service Answer % Correct
138 Boeing 737-800
88%
12 Boeing 787-8
88%
21 Boeing 787-10
85%
48 + 2 Boeing 787-9
85%
13 Boeing 777-200
82%
12 Boeing 737-900
79%
39 Boeing 737-700
76%
40 Boeing 757-200
76%
123 Boeing 737-MAX 8
71%
22 Boeing 777-300ER
68%
21 Boeing 757-300
65%
64 Airbus A321neo
62%
137 Boeing 737-MAX 9
62%
53 + 2 Boeing 777-200ER
56%
65 Airbus A320-200
53%
--(on order)-- Boeing 737-MAX 10
53%
13 + 24 Boeing 767-300ER
50%
--(on order)-- Airbus A350-900
47%
71 Airbus A319-100
44%
16 Boeing 767-400ER
44%
136 Boeing 737-900ER
41%
--(on order)-- Airbus A321XLR
29%
No matching quizzes found
Score Distribution
Percent of People with Each Score
Percentile by Number Answered
Your Score History
You have not taken this quiz